| 000 | 01559cam a22002657a 4500 | ||
|---|---|---|---|
| 005 | 20231006120941.0 | ||
| 008 | 230817s2022 mx| |||grl||| 000 0 spa d | ||
| 040 |
_aMX-MxUPN _bspa |
||
| 041 | 1 |
_aNahuatl _aEspañol |
|
| 050 | 4 |
_aKGF5532 _bA286 2022 |
|
| 245 |
_aTajkuilolis kejkejpalis ika in tatilinkatanauatilmej ika in ixpololis uan xokolilis = _btraducción de las leyes generales contra la desaparición y la tortura : náhuatl Puebla |
||
| 250 | _aPrimera edición | ||
| 260 |
_aMéxico : _bUSAID : _bCentro Profesional Indígena de Asesoría, Defensa y Traducción : _bInstituto de Derechos Humanos Ignacio Ellacuría : _bClínica Jurídica Minerva Calderón, _bComisión de Derechos Humanos del Estado de Puebla, _c2022. |
||
| 300 | _a223 paginas | ||
| 650 | 4 |
_950158 _aTortura _xLeyes y legislación _zMéxico |
|
| 650 | 4 |
_950159 _aDesapariciones forzadas _xLeyes y legislación _zMéxico |
|
| 700 | 1 |
_950155 _aArroyo Pelico, Florencia Emilia _etraducción |
|
| 700 | 1 |
_950156 _aCortés Trinidad, Freddy _etraducción |
|
| 700 | 1 |
_950157 _aHuero Bonilla, María de la Luz _etraducción |
|
| 710 | 1 |
_950160 _aMéxico. _t[Ley general en materia de desaparición forzada de personas, desaparición cometida por particulares y del sistema nacional de búsqueda de personas] |
|
| 710 | 1 |
_950161 _aMéxico. _t[Ley general para prevenir, investigar y sancionar la tortura y otros tratos o penas crueles, inhumanos o degradantes] |
|
| 902 |
_aDaniela Badillo 17/08/23 _bVíctorGodínez/051023 |
||
| 942 |
_2lcc _cLIBRO |
||
| 999 |
_c210067 _d210067 |
||